The basic writings of Bertrand Russell : 1903 - 1959
| Published in: | A Touchstone book |
|---|---|
| Main Authors: | , , |
| Content type: | Book |
| Published: |
New York, NY:
Simon and Schuster
1961
|
| Series: | Touchstone books |
| Local Notation: | Brulib |
| Subjects: | |
| Online Access: | Cover Table of contents |
| Source: | MPIPL_cat |
| _version_ | 1863687077105762304 |
|---|---|
| author | Russell, Bertrand |
| author2 | Egner, Robert E. Denonn, Lester E. |
| author2_role | ed |
| author2_variant | r e e re ree l e d le led |
| author_facet | Russell, Bertrand Egner, Robert E. Denonn, Lester E. |
| author_search | Russell, Bertrand Egner, Robert E. Denonn, Lester E. |
| author_sort | Russell, Bertrand |
| author_variant | b r br |
| callnumber-first | BL-Rus/8 |
| callnumber-label | BL-RUS/8 |
| callnumber-raw | BL-RUS/8 |
| callnumber-search | BL-RUS/8 |
| callnumber-sort | BL -RUS/18 |
| callnumber-subject | BL |
| collection_details | MPIPL |
| container_title | A Touchstone book |
| dedup_id_str | MPIPL_cat.PL000149005 |
| dewey-hierarchy | 0/[Unassigned]/ |
| dewey-hierarchy_str | 0/[Unassigned]/ |
| first_indexed | 2026-03-14T00:41:21Z |
| format | 0/Buch/ |
| format_str | 0/Buch/ |
| fullrecord | <?xml version="1.0" encoding="UTF-8"?>
<collection xmlns:xsi="http://www.w3.org/2001/XMLSchema-instance" xsi:schemaLocation="http://www.loc.gov/MARC21/slim http://www.loc.gov/standards/marcxml/schema/MARC21slim.xsd" xmlns="http://www.loc.gov/MARC21/slim">
<record>
<leader>00000nam a2200000 u 4500</leader>
<controlfield tag="001">PL000149005</controlfield>
<controlfield tag="003">PLI01000000000000000146377</controlfield>
<controlfield tag="005">00000000000000.0</controlfield>
<controlfield tag="008"> s1961 ||| eng </controlfield>
<datafield tag="020" ind1=" " ind2=" ">
<subfield code="a">0-671-20154-9</subfield>
</datafield>
<datafield tag="020" ind1=" " ind2=" ">
<subfield code="a">9780671201548</subfield>
</datafield>
<datafield tag="090" ind1=" " ind2=" ">
<subfield code="a">BL-Rus/8</subfield>
</datafield>
<datafield tag="100" ind1="1" ind2=" ">
<subfield code="a">Russell, Bertrand</subfield>
</datafield>
<datafield tag="245" ind1="0" ind2="4">
<subfield code="a">The basic writings of Bertrand Russell</subfield>
<subfield code="b">1903 - 1959</subfield>
<subfield code="c">ed. by Robert E. Egner and Lester E. Denonn</subfield>
</datafield>
<datafield tag="260" ind1=" " ind2=" ">
<subfield code="a">New York, NY</subfield>
<subfield code="b">Simon and Schuster</subfield>
<subfield code="c">1961</subfield>
</datafield>
<datafield tag="300" ind1=" " ind2=" ">
<subfield code="a">736 p.</subfield>
</datafield>
<datafield tag="700" ind1="1" ind2=" ">
<subfield code="a">Egner, Robert E.</subfield>
<subfield code="e">[ed.]</subfield>
</datafield>
<datafield tag="700" ind1="1" ind2=" ">
<subfield code="a">Denonn, Lester E.</subfield>
<subfield code="e">[ed.]</subfield>
</datafield>
<datafield tag="041" ind1="0" ind2="7">
<subfield code="a">eng</subfield>
<subfield code="2">ISO 639-2</subfield>
</datafield>
<datafield tag="996" ind1=" " ind2=" ">
<subfield code="a">Stücktitel</subfield>
</datafield>
<datafield tag="989" ind1=" " ind2=" ">
<subfield code="a">ToC</subfield>
</datafield>
<datafield tag="989" ind1=" " ind2=" ">
<subfield code="a">BruLib</subfield>
</datafield>
<datafield tag="490" ind1="0" ind2=" ">
<subfield code="a">Touchstone books</subfield>
</datafield>
<datafield tag="830" ind1=" " ind2="0">
<subfield code="w">PL0067343</subfield>
</datafield>
<datafield tag="084" ind1=" " ind2=" ">
<subfield code="a">Brulib</subfield>
</datafield>
<datafield tag="650" ind1=" " ind2="4">
<subfield code="a">Philosophy</subfield>
</datafield>
<datafield tag="696" ind1=" " ind2=" ">
<subfield code="a">Russell, Bertrand, 1872-1970</subfield>
</datafield>
<datafield tag="856" ind1="4" ind2=" ">
<subfield code="u">https://aleph.mpg.de:443/F?func=service&doc_library=PLI01&local_base=PLI01&doc_number=000146377&sequence=000001&line_number=0001&func_code=DB_RECORDS&service_type=MEDIA</subfield>
<subfield code="3">Cover</subfield>
<subfield code="m">Psycholinguistik Nijmegen</subfield>
<subfield code="z">VIEW</subfield>
<subfield code="q">jpg</subfield>
</datafield>
<datafield tag="856" ind1="4" ind2=" ">
<subfield code="u">https://aleph.mpg.de:443/F?func=service&doc_library=PLI01&local_base=PLI01&doc_number=000146377&sequence=000003&line_number=0002&func_code=DB_RECORDS&service_type=MEDIA</subfield>
<subfield code="3">ToC</subfield>
<subfield code="m">Psycholinguistik Nijmegen</subfield>
<subfield code="z">VIEW</subfield>
<subfield code="q">pdf</subfield>
</datafield>
<datafield tag="852" ind1=" " ind2=" ">
<subfield code="c">BL-Rus/8</subfield>
<subfield code="m">BOOK</subfield>
</datafield>
</record>
</collection>
|
| hierarchy_parent_id | MPIPL_cat.PL0067343 |
| hierarchy_parent_title | A Touchstone book |
| id | MPIPL_cat.PL000149005 |
| illustrated | Not Illustrated |
| institution | MPIPL_cat |
| institution_str | MPIPL_cat |
| isbn | 9780671201548 0-671-20154-9 |
| language | eng |
| language_str | eng |
| last_indexed | 2026-04-27T23:42:49Z |
| local_fields | Stücktitel ToC BruLib |
| notation | Brulib |
| online | false |
| online_MPIPL_cat | false |
| online_str | false |
| physical | 736 p. |
| publishDate | 1961 |
| publishDate_str | 1961 |
| publisher | Simon and Schuster |
| record_format | marc |
| series | Touchstone books |
| signature_search | BL-Rus/8 |
| spelling | Russell, Bertrand The basic writings of Bertrand Russell 1903 - 1959 ed. by Robert E. Egner and Lester E. Denonn New York, NY Simon and Schuster 1961 736 p. Egner, Robert E. ed. Denonn, Lester E. Touchstone books PL0067343 Philosophy Russell, Bertrand, 1872-1970 https://aleph.mpg.de:443/F?func=service&doc_library=PLI01&local_base=PLI01&doc_number=000146377&sequence=000001&line_number=0001&func_code=DB_RECORDS&service_type=MEDIA Cover Psycholinguistik Nijmegen VIEW https://aleph.mpg.de:443/F?func=service&doc_library=PLI01&local_base=PLI01&doc_number=000146377&sequence=000003&line_number=0002&func_code=DB_RECORDS&service_type=MEDIA ToC |
| spellingShingle | Russell, Bertrand The basic writings of Bertrand Russell : 1903 - 1959 Touchstone books Philosophy |
| title | The basic writings of Bertrand Russell : 1903 - 1959 |
| title_full | The basic writings of Bertrand Russell 1903 - 1959 ed. by Robert E. Egner and Lester E. Denonn |
| title_fullStr | The basic writings of Bertrand Russell 1903 - 1959 ed. by Robert E. Egner and Lester E. Denonn |
| title_full_unstemmed | The basic writings of Bertrand Russell 1903 - 1959 ed. by Robert E. Egner and Lester E. Denonn |
| title_search | The basic writings of Bertrand Russell 1903 - 1959 Touchstone books |
| title_short | The basic writings of Bertrand Russell |
| title_sort | basic writings of bertrand russell 1903 1959 ed by robert e egner and lester e denonn |
| title_sub | 1903 - 1959 |
| topic | Philosophy |
| topic_facet | Philosophy |
| url | https://aleph.mpg.de:443/F?func=service&doc_library=PLI01&local_base=PLI01&doc_number=000146377&sequence=000001&line_number=0001&func_code=DB_RECORDS&service_type=MEDIA https://aleph.mpg.de:443/F?func=service&doc_library=PLI01&local_base=PLI01&doc_number=000146377&sequence=000003&line_number=0002&func_code=DB_RECORDS&service_type=MEDIA |